MARC

LEADER 00000nam0a2200000 4500
001 75769
005 20231031091051.0
020 |a RU  |b 83-76522 
035 |a (RuTPU)RU\TPU\book\80847 
090 |a 75769 
100 |a 20050401d1983 m y0rusy5003 ca 
101 0 |a rus 
102 |a RU 
105 |a a j 001zy 
200 1 |a Основы вычислительной техники и программирования  |e [Для сред. спец. учеб. заведений]  |f В. В. Стрыгин, Л. С. Щарев 
210 |a Москва  |c Высш. шк.  |d 1983 
215 |a 359 с.  |c ил.  |d 22 см 
610 0 |a Вычислительные машины электронные - Учебники и пособия 
610 1 |a вычислительная техника 
610 1 |a вычислительные машины 
610 1 |a программирование 
610 1 |a ЕС ЭВМ 
610 1 |a аналоговые вычислительные машины 
610 1 |a цифровые вычислительные машины 
610 1 |a учебные пособия 
675 |a 681.3(075.32)  |z rus 
700 1 |a Стрыгин  |b В. В.  |g Вадим Васильевич  |4 070 
701 1 |a Щарев  |b Л. С.  |g Леонид Семенович  |4 070 
801 0 |a RU  |b RuMRKP  |c 19950704  |g psbo 
801 1 |a RU  |b 63413507  |c 20050401  |g PSBO 
801 2 |a RU  |b 63413507  |c 20160707  |g PSBO 
942 |c BK